Statistics for English Football League 2012-13

Click here to take the quiz!

General Stats

  • This quiz has been taken 1,345 times
  • The average score is 56 of 92

Answer Stats

HintAnswer% Correct
Manchester City
97%
Premier LeagueArsenal
97%
Manchester United
97%
Chelsea
95%
Liverpool
95%
Everton
93%
Aston Villa
93%
Newcastle United
91%
West Ham United
90%
Tottenham Hotspur
89%
Sunderland
89%
Fulham
88%
Swansea City
88%
Queens Park Rangers
87%
Southampton
87%
West Bromich Albion
87%
Stoke City
85%
Norwich City
84%
Cardiff City
81%
Wigan Athletic
80%
Birmingham City
77%
Blackburn Rovers
77%
Reading
76%
Wolverhampton Wanderers
76%
Leeds United
76%
Portsmouth
74%
Bolton Wanderers
74%
Hull City
72%
Blackpool
72%
Burnley
71%
Derby County
70%
Sheffield Wednesday
70%
Leicester City
69%
Crystal Palace
69%
Sheffield United
69%
Brighton & Hove Albion
67%
Nottingham Forest
67%
Bristol City
65%
Ipswich Town
65%
Charlton Athletic
65%
ChampionshipBarnsley
64%
Watford
61%
Bristol Rovers
59%
Middlesbrough
58%
Bradford City
57%
League 1Bournemouth
57%
Huddersfield Town
57%
Plymouth Argyle
56%
Millwall
55%
Notts County
55%
Coventry City
55%
League 2Accrington Stanley
54%
Yeovil Town
53%
Doncaster Rovers
51%
Milton Keynes Dons
51%
Preston North End
51%
Brentford
51%
Oldham Athletic
50%
AFC Wimbledon
50%
Swindon Town
50%
Exeter City
47%
Oxford United
47%
Peterborough United
47%
Carlisle United
47%
Gillingham
46%
Northampton Town
46%
Bury
46%
Tranmere Rovers
46%
York City
46%
Crewe Alexandra
45%
Colchester United
43%
Leyton Orient
43%
Rotherham United
42%
Hartlepool United
42%
Chesterfield
41%
Port Vale
40%
Southend United
39%
Barnet
39%
Burton Albion
39%
Wycombe Wanderers
37%
Crawley Town
37%
Walsall
37%
Scunthorpe United
37%
Shrewsbury Town
37%
Rochdale
36%
Torquay United
36%
Fleetwood Town
36%
Cheltenham Town
35%
Dagenham & Redbridge
33%
Stevenage
33%
Aldershot Town
29%
Morecambe
28%

Score Distribution

Percentile by Number Answered

Percent of People with Each Score

Your Score History

You have not taken this quiz